Normal view
MARC view
- E-COMMERCE GUIDE E-COMMERCE USING ASP AND SQL SERVER
Entry Topical Term
001 - CONTROL NUMBER
- control field: 56766
003 - CONTROL NUMBER IDENTIFIER
- control field: NUST
005 - DATE AND TIME OF LATEST TRANSACTION
- control field: 20210628201754.0
008 - FIXED-LENGTH DATA ELEMENTS
- fixed length control field: 210628|| aca||aabn | a|a d
040 ## - CATALOGING SOURCE
- Original cataloging agency: NUST
- Transcribing agency: NUST
150 ## - HEADING--TOPICAL TERM
- Topical term or geographic name entry element: E-COMMERCE GUIDE E-COMMERCE USING ASP AND SQL SERVER
670 ## - SOURCE DATA FOUND
- Source citation: Work cat.: (NUST): Jerke, Noel 56765, E-commerce developer's guide , building community and using promotional tools, 2001
